Normal view
MARC view
- PRACTICAL PHYSICS.TEXTBOOK OF PRACTICAL PHYSICS
Entry Topical Term
001 - CONTROL NUMBER
- control field: 64791
003 - CONTROL NUMBER IDENTIFIER
- control field: NUST
005 - DATE AND TIME OF LATEST TRANSACTION
- control field: 20210628203332.0
008 - FIXED-LENGTH DATA ELEMENTS
- fixed length control field: 210628|| aca||aabn | a|a d
040 ## - CATALOGING SOURCE
- Original cataloging agency: NUST
- Transcribing agency: NUST
150 ## - HEADING--TOPICAL TERM
- Topical term or geographic name entry element: PRACTICAL PHYSICS.TEXTBOOK OF PRACTICAL PHYSICS
670 ## - SOURCE DATA FOUND
- Source citation: Work cat.: (NUST): Shrivastava , H.P 64790, A textbook of practical physics, 2006
